00554 a2200157 45000010006000000050017000060080041000230030015000640400040000790800022001192450028001412640038001693000019002075050152002261000018003782851720260407155556.0260407a1970 arg spa dAR-UNSa-BCEJYS aAR-UNSa-BCEJYSbspacAR-UNSa-BCEJYS a657xContabilidad10aContabilidad práctica 1aBuenos Aires :bEl Coloquioc1970 a258 p.c256 p. a1. Clasificación de cuentas - 2. Variaciones patrimoniales - 3. Patrimonio - 4. Plan de cuentas y clasificación - 5. Registro contable.........1 aKlein, Emilio